Normal view
MARC view
- الفضل ، منذر
Entry Personal Name
001 - CONTROL NUMBER
- control field: 31230
003 - CONTROL NUMBER IDENTIFIER
- control field: JO-AjAnu
005 - DATE AND TIME OF LATEST TRANSACTION
- control field: 20230606075248.0
008 - FIXED-LENGTH DATA ELEMENTS
- fixed length control field: 230606|| aca||aabn | a|a d
040 ## - CATALOGING SOURCE
- Original cataloging agency: JO-AjAnu
- Transcribing agency: JO-AjAnu
100 ## - HEADING--PERSONAL NAME
- Personal name: الفضل ، منذر
670 ## - SOURCE DATA FOUND
- Source citation: Work cat.: (JO-AjAnu)16037: الفضل ، منذر, author, النظرية العامة للالتزامات في القانون المدني : دراسة مقارنة بين الفقه الاسلامي والقوانين المدنية الوضعية